000 00432pab a2200181 454500
008 180718b2011 xxu||||| |||| 00| 0 eng d
100 _aRamaiah, A.
245 _aRelevance of Dr Ambedkar's demand for separate settlement
260 _c2011
300 _ap.16-19.
362 _a16 Apr
650 _aViolence
650 _aBackward classes
650 _aHuman rights
773 _aMainstream
908 _aN
909 _a91264
999 _c91264
_d91264